000 00503nam a22001817a 4500
005 20230411102437.0
008 230411b ||||| |||| 00| 0 eng d
040 _cAL
041 _aEnglish
082 _223
_a511/214
_bBOST
100 _aS S Bosco
_985905
245 _aTheory and Problems in Mathematics: Model Question Paper
260 _aMangalore
_bS S Bosco
650 _aSupplement I PUC Text Book
_985906
650 _aMathematics
_985907
700 _aBOSCO (S S)
_985908
942 _2ddc
_cDB
999 _c227156
_d227156